Catálogo
 En Linea

Cosas añejas. / (Registro nro. 54599)

Detalles MARC
000 -CABECERA
campo de control de longitud fija 01126nam a2200265 i 4500
003 - IDENTIFICADOR DEL NÚMERO DE CONTROL
campo de control DO-SdBNP
005 - FECHA Y HORA DE LA ÚLTIMA TRANSACCIÓN
campo de control 20240228193853.0
006 - CÓDIGOS DE INFORMACIÓN DE LONGITUD FIJA--CARACTERÍSTICAS DEL MATERIAL ADICIONAL
campo de control de longitud fija a||||gr|||| 00| 0
007 - CAMPO FIJO DE DESCRIPCIÓN FÍSICA--INFORMACIÓN GENERAL
campo de control de longitud fija ta
008 - DATOS DE LONGITUD FIJA--INFORMACIÓN GENERAL
campo de control de longitud fija 230831e1968 dr ||||| |||| 00| 0 spa d
040 ## - FUENTE DE LA CATALOGACIÓN
Centro catalogador/agencia de origen DO-SdBNP
Lengua de catalogación spa
Centro/agencia transcriptor BNPHU
Normas de descripción rda
082 #4 - NÚMERO DE LA CLASIFICACIÓN DECIMAL DEWEY
Número de edición 22
Número de clasificación RD863.3
Número de documento/Ítem P418c
100 1# - ENTRADA PRINCIPAL--NOMBRE DE PERSONA
Nombre de persona Penson, César Nicolás,
Fechas asociadas al nombre 1855-1901
Término indicativo de función/relación autor
9 (RLIN) 6475
245 10 - MENCIÓN DE TÍTULO
Título Cosas añejas. /
Mención de responsabilidad, etc. César Nicolás Pensón ; condesado por Víctor Fleury.
264 #1 - PRODUCCIÓN, PUBLICACIÓN, DISTRIBUCIÓN, FABRICACIÓN Y COPYRIGHT
Producción, publicación, distribución, fabricación y copyright Santo Domingo :
Nombre del de productor, editor, distribuidor, fabricante América,
Fecha de producción, publicación, distribución, fabricación o copyright 1968
300 ## - DESCRIPCIÓN FÍSICA
Extensión 151 páginas ;
Dimensiones 16 cm.
336 ## - TIPO DE CONTENIDO
Fuente rdacontent
Término de tipo de contenido texto
Código de tipo de contenido txt
337 ## - TIPO DE MEDIO
Fuente rdamedia
Nombre/término del tipo de medio sin mediación
Código del tipo de medio n
338 ## - TIPO DE SOPORTE
Fuente rdacarrier
Nombre/término del tipo de soporte volumen
Código del tipo de soporte nc
490 ## - MENCIÓN DE SERIE
Mención de serie "Abreviarios Dominicanos"
505 ## - NOTA DE CONTENIDO CON FORMATO
Nota de contenido con formato Introducción.
Título Drama Horrendo.-- Bajo Cabello o un Rasgo Audaz.-- Barriga Verde.-- La Muerte del Padre Canales.-- ¡Profanación!.-- Entre Dos Miedos.-- El Martirio por la Honra.-- Los tres que echaron a Pedro entre el Pozo.-- Muerte por muerte.-- El Santo y la Colmena.-- Las Vírgenes de Galindo.
590 ## - NOTA LOCAL (RLIN)
Nota local Inventariado 2023 / MF
700 1# - PUNTO DE ACCESO ADICIONAL--NOMBRE DE PERSONA
Nombre de persona Fleury, Víctor,
9 (RLIN) 53889
Término indicativo de función/relación compilador
942 ## - ELEMENTOS DE PUNTO DE ACCESO ADICIONAL (KOHA)
Fuente del sistema de clasificación o colocación Dewey Decimal Classification
Tipo de ítem Koha Libro
Existencias
Estado de retiro Estado de pérdida Fuente del sistema de clasificación o colocación Restricciones de uso No para préstamo Código de colección Localización permanente Ubicación/localización actual Ubicación en estantería Fecha de adquisición Fuente de adquisición Total de préstamos Signatura topográfica completa Código de barras Fecha visto por última vez Precio válido a partir de Tipo de ítem Koha
    Dewey Decimal Classification Excluido de préstamo   Patrimonio Dominicano Biblioteca Nacional Pedro Henríquez Ureña Biblioteca Nacional Pedro Henríquez Ureña En catalogación 31.08.2013 Donado por INTEC   RD863.3 P418c 2023-5601 31.08.2023 31.08.2023 Libro

Con tecnología Koha